Kudrun / (Registro nro. 254143)

Detalles MARC
000 -LEADER
fixed length control field 01810nam a2200469 i 4500
001 - CONTROL NUMBER
control field DIGAKAL0473
003 - CONTROL NUMBER IDENTIFIER
control field NyNyDIG
007 - PHYSICAL DESCRIPTION FIXED FIELD--GENERAL INFORMATION
fixed length control field cr |||||||||||
008 - FIXED-LENGTH DATA ELEMENTS--GENERAL INFORMATION
fixed length control field 220606s2018 sp a ob 000 0 spa d
006 - FIXED-LENGTH DATA ELEMENTS--ADDITIONAL MATERIAL CHARACTERISTICS
fixed length control field m o d
035 ## - SYSTEM CONTROL NUMBER
System control number (OCoLC)1041904894
040 ## - CATALOGING SOURCE
Original cataloging agency DGITA
Language of cataloging eng
Description conventions rda
-- pn
Transcribing agency DGITA
020 ## - INTERNATIONAL STANDARD BOOK NUMBER
International Standard Book Number 9788446046257
Qualifying information eBook
020 ## - INTERNATIONAL STANDARD BOOK NUMBER
Canceled/invalid ISBN 9788446045359
041 1# - LANGUAGE CODE
Language code of text/sound track or separate title spa
Language code of original ger
050 14 - LIBRARY OF CONGRESS CALL NUMBER
Classification number PT1528 ebook
082 14 - DEWEY DECIMAL CLASSIFICATION NUMBER
Classification number 831.21
130 0# - MAIN ENTRY--UNIFORM TITLE
Uniform title Kudrun.
Language of a work Spanish
Version (Paradés Tierno and Mariño)
245 10 - TITLE STATEMENT
Title Kudrun /
Statement of responsibility, etc. Anónimo ; edición de Oliva Paradés Tierno y Francisco Manuel Mariño.
264 #1 - PRODUCTION, PUBLICATION, DISTRIBUTION, MANUFACTURE, AND COPYRIGHT NOTICE
Place of production, publication, distribution, manufacture Tres Cantos, Madrid, España :
Name of producer, publisher, distributor, manufacturer Akal,
Date of production, publication, distribution, manufacture, or copyright notice [2018]
300 ## - PHYSICAL DESCRIPTION
Extent 1 online resource :
Other physical details illustrations.
336 ## - CONTENT TYPE
Content type term text
Content type code txt
Source rdacontent
337 ## - MEDIA TYPE
Media type term computer
Media type code c
Source rdamedia
338 ## - CARRIER TYPE
Carrier type term online resource
Carrier type code cr
Source rdacarrier
347 ## - DIGITAL FILE CHARACTERISTICS
File type text file
Source rdaft
347 ## - DIGITAL FILE CHARACTERISTICS
Encoding format EPUB
490 1# - SERIES STATEMENT
Series statement Akal básica de bolsillo ;
Volume/sequential designation 343.
Series statement Clásicos de la literatura alemana
504 ## - BIBLIOGRAPHY, ETC. NOTE
Bibliography, etc. note Includes bibliographical references.
588 0# - SOURCE OF DESCRIPTION NOTE
Source of description note Online resource; title from ePub title page (Digitalia, viewed June 6, 2022)
655 #7 - INDEX TERM--GENRE/FORM
Genre/form data or focus term Epic poetry.
Source of term lcgft
655 #0 - INDEX TERM--GENRE/FORM
Genre/form data or focus term Electronic books.
700 1# - ADDED ENTRY--PERSONAL NAME
Personal name Paradés Tierno, Oliva,
Relator term editor.
700 1# - ADDED ENTRY--PERSONAL NAME
Personal name Mariño, Francisco Manuel,
Relator term editor.
730 0# - ADDED ENTRY--UNIFORM TITLE
Relationship information Translation of:
Uniform title Kudrun.
791 2# -
-- Digitalia (Firm),
-- distributor.
793 0# -
-- Digitalia eBook Collection:
-- Akal
776 08 - ADDITIONAL PHYSICAL FORM ENTRY
Relationship information Print version:
Main entry heading Kudrun. Spanish (Paradés Tierno and Manuel Mariño).
Title Kudrun.
Place, publisher, and date of publication Tres Cantos, Madrid, España : Akal, [2018]
International Standard Book Number 9788446045359
830 #0 - SERIES ADDED ENTRY--UNIFORM TITLE
Uniform title Akal bolsillo.
Name of part/section of a work Serie Clásicos de la literatura alemana ;
Volume/sequential designation 343.
856 40 - ELECTRONIC LOCATION AND ACCESS
Materials specified Digitalia Hispánica
Uniform Resource Identifier <a href="https://www.digitaliapublishing.com/a/55154/">https://www.digitaliapublishing.com/a/55154/</a>
910 ## - USER-OPTION DATA (OCLC)
User-option data Premium collection: 2022
942 ## - ADDED ENTRY ELEMENTS (KOHA)
Koha item type Recurso Electrónico
Existencias
Withdrawn status Lost status Damaged status Not for loan Collection Home library Current library Date acquired Total checkouts Date last seen Price effective from Koha item type
        Digitalia Ebooks Hispanica Biblioteca Digital UIN Biblioteca Digital UIN 04/25/2025   04/25/2025 04/25/2025 Recurso Electrónico

CONTACTO


NOSOTROS


SITIOS DE INTERES

coordinacion.biblioteca.biblioteca@unienlinea.mx Misión, Visión y Objetivos Bases de datos
Directorio Bibliotecas Digitales y Repositorios
Normatividad Revistas y artículos
Convenios interbibliotecarios
Boletines



Hecho en México. Universidad Insurgentes (UIN). Todos los derechos reservados 2024. Esta página y sus contenidos pueden ser reproducidos con fines no lucrativos, siempre y cuando no se mutile, se cite la fuente completa y su dirección electrónicas. De otra forma requiere permiso previo por escrito de la institución




2024 Copyright Universidad Insurgentes | www.bibliouin.com.mx